| 000 | 00703nam a22002537i 4500 | ||
|---|---|---|---|
| 003 | DO-SdBNP | ||
| 005 | 20250528105826.0 | ||
| 007 | ta | ||
| 008 | 250528b2025 |||||||| |||| 00| 0 spa d | ||
| 020 | _a9789945649673 | ||
| 040 |
_aDO-SdBNP _bspa _cBNPHU _erda |
||
| 041 | _hspa | ||
| 082 |
_axxx _bP896L _222 |
||
| 245 | 0 |
_aLectura de la Infancia 50 años después / _cJuan Prado Rojas |
|
| 250 | _aPrimera edición | ||
| 264 |
_aSanto Domingo : _bprintbarato, _c2025. |
||
| 300 |
_a203 páginas ; _c23 cm |
||
| 336 |
_ardacontent _btexto _2txt |
||
| 337 |
_ardamedia _bsin mediación _2n |
||
| 338 |
_ardacarrier _bvolumen _2nc |
||
| 590 | _aInventariado, 2025/DG | ||
| 910 | _aDG | ||
| 942 |
_2ddc _cLBS1 |
||
| 999 |
_c58873 _d58873 |
||